Investigation of some clinically important toxin-producing anaerobic bacteria and their epidemiology

Elmentve itt :
Bibliográfiai részletek
Szerző: Terhes Gabriella
További közreműködők: Nagy Erzsébet (Témavezető)
Dokumentumtípus: Disszertáció
Megjelent: 2006-04-21
Tárgyszavak:
Online Access:http://doktori.ek.szte.hu/260
LEADER 00672nta a2200181 i 4500
001 dokt260
005 20241127091018.0
008 100512s2006 hu om 000 eng d
040 |a SZTE Doktori Repozitórium  |b hun 
041 |a eng 
100 1 |a Terhes Gabriella 
245 1 0 |a Investigation of some clinically important toxin-producing anaerobic bacteria and their epidemiology  |h [elektronikus dokumentum] /  |c  Terhes Gabriella 
260 |c 2006-04-21 
502 |a Disszertacio 
650 4 |a orvostudományok 
650 4 |a Orvos- és egészségtudomány 
700 0 1 |a Nagy Erzsébet  |e ths 
856 4 0 |u https://doktori.bibl.u-szeged.hu/id/eprint/260/1/tz_eredeti2801.pdf  |z Dokumentum-elérés